| 000 | 00852cam a2200241 a 4500 | ||
|---|---|---|---|
| 001 | 000010235 | ||
| 005 | 20200929162217.0 | ||
| 008 | 901115s1982 sp 000 p spa | ||
| 020 | _a8400051637 | ||
| 035 | _a(DLC) 90874395 | ||
| 040 |
_aDO-SdBNP _cDLC _dBNPHU |
||
| 082 |
_a861.44 _bR666c |
||
| 100 | 1 |
_aRobredo García, Vicente, _d1952- _925239 |
|
| 245 | 1 | 0 |
_aCuando se es puente / _cVicente Robredo Garcia. |
| 260 |
_aZaragoza : _bInstitución "Fernando el Católico", _c[1982]. |
||
| 300 |
_a80 p. ; _c25 cm. |
||
| 490 | 1 |
_a"San Jorge" _v31 _aPublicación de la Institucion "Fernando el Catolico" _v867 |
|
| 650 | 4 |
_aPoesís española _925240 |
|
| 650 | 4 |
_aLiteratura española _9632 |
|
| 830 | 0 |
_a"San Jorge" ; _v31 _pPublicación de la Institucion "Fernando el Catolico" ; _v867 _925241 |
|
| 910 | _aCatalogación por copia / LC | ||
| 049 | _aBNGR | ||
| 999 |
_c9994 _d9994 |
||